Gaming Quiz

Random Gaming or Minefield Quiz
Score 0/20 Timer 01:00
0 Plays Today
Question Answer Wrong Answers
Opponent: The ___ (Dwayne Johnson) ???
40.2%
???
0.2%
???
0.7%
Opponent: Kid ___ (Singer-songwriter) ???
39.5%
???
2.8%
???
0.7%
Opponent: Jailhouse ___ (Elvis Presley) ???
39.3%
???
1.7%
???
1.5%
Opponent: Fraggle ___ (Jim Henson) ???
39.3%
???
0.4%
???
0.7%
Opponent: Running With ___ (Augusten Burroughs) ???
38.4%
???
0.9%
???
1.3%
Opponent: ___ Kick (Martial arts) ???
38.4%
???
2.2%
???
0.7%
Opponent: Left handed ___ (Reversed blades) ???
38.4%
???
1.7%
???
0.7%
Opponent: ___ Mâché (Modelling material) ???
38.2%
???
2.2%
???
1.1%
Opponent: Wrapping ___ (Gifts) ???
38.2%
???
1.3%
???
0.9%
Opponent: Edward ___hands (Johnny Depp) ???
37.6%
???
0.4%
???
0.9%
Opponent: Third ___ From the Sun (Sitcom) ???
37.1%
???
1.3%
???
1.3%
Opponent: ___ the Casbah (The Clash) ???
36.9%
???
0.9%
???
0.7%
Opponent: ___ Tiger (Threatening but ineffectual) ???
35.8%
???
2.6%
???
2.4%
Opponent: ___ Weight (Desk tidy) ???
34.9%
???
1.5%
???
2.6%
Opponent: ___ Lobster (The B52s) ???
34.9%
???
1.1%
???
1.3%
Opponent: ___ Chase (Excessive bureaucracy) ???
34.5%
???
1.5%
???
1.3%
Opponent: ___ Sisters (Pop/rock band) ???
34.1%
???
6.1%
???
3.1%
Opponent: ___ Roses (Marie Osmond) ???
31.2%
???
2.2%
???
1.3%
Opponent: Crimping ___ (Zigzag) ???
26.6%
???
1.5%
???
7%
Opponent: Fabric ___ (Material) ???
23.4%
???
1.3%
???
10.3%

You're not logged in!

Compare scores with friends on all Sporcle quizzes.
OR
Log In

Sporcle TV

Today on Sporcle TV


Watch our educational content, quiz creation guides, and fun videos on Sporcle TV.

Show Comments

Extras

Top Quizzes Today


Score Distribution

Paid Content

Your Account Isn't Verified!

In order to create a playlist on Sporcle, you need to verify the email address you used during registration. Go to your Sporcle Settings to finish the process.

Report this User

Report this user for behavior that violates our Community Guidelines.

Details: